| 000 | 00553 a2200169 4500 | ||
|---|---|---|---|
| 003 | Nust | ||
| 005 | 20230306113850.0 | ||
| 040 | _cNust | ||
| 082 | _a305.512,SEN | ||
| 100 |
_aEmile Senart _9109834 |
||
| 245 |
_aCaste in India : _bthe facts and the system / _cby Emile Senart ; translated by E. Denison Ross. |
||
| 260 |
_aLondon : _bMethuen & Co., _c1930. |
||
| 300 |
_axxvi, 220 p. _b ; 22 cm. |
||
| 505 | _aPart-I The Present (Paeg-8), Part-II The Past (Paeg-90),Part-III Origins (Paeg-148), | ||
| 650 |
_aCaste in India _9109835 |
||
| 942 |
_2ddc _cBK |
||
| 999 |
_c184754 _d184754 |
||